000
00294nam a2200133Ia 4500
008
100328s9999 xx 000 0 und d
082
_b
16091
100
_a
Pushkin A.S.
245
_a
Dubrovsky
260
_b
Foreign Languages
630
_a
Dubrovsky
730
_a
Dubrovsky
942
_c
BOOK
999
_c
510814
_d
510811